000
00223nam a2200109Ia 4500
008
240510s9999 xx 000 0 und d
041
_a
Eng
082
_b
NS
245
0
_a
IBM Systems Journal
942
_2
ddc
942
_c
LBK
999
_c
23383
_d
23383
945
_a
1
_b
Madushi Gamage
_c
1
_d
Madushi Gamage